Climate change and regs shake-up (Record no. 65274)
[ view plain ]
| 000 -LEADER | |
|---|---|
| fixed length control field | 01086cam a2200253 4500 |
| 001 - CONTROL NUMBER | |
| control field | WB3645-02 |
| 008 - FIXED-LENGTH DATA ELEMENTS--GENERAL INFORMATION | |
| fixed length control field | 000000n2000 000 0 eng u |
| 035 ## - SYSTEM CONTROL NUMBER | |
| System control number | (Sirsi) u109355 |
| 245 ## - TITLE STATEMENT | |
| Title | Climate change and regs shake-up |
| 260 ## - PUBLICATION, DISTRIBUTION, ETC. | |
| Date of publication, distribution, etc. | 2000 |
| 490 ## - SERIES STATEMENT | |
| Series statement | Building |
| Volume/sequential designation | 265(8161) 10 November 2000, 9(1) |
| 520 ## - SUMMARY, ETC. | |
| Summary, etc. | DETR confirms plans to update structural liability regulations. The January 2001 review of Part A of the Building Regulations will tackle severe weather conditions. Recent research by the BRE "Potential implications of climate change in the built environment" predicts changes to the Building Regulations, to take into account damage caused by high winds, and flooding. DETR is in consultation with the BRE on potential changes to the Building Regulations. |
| 590 ## - LOCAL NOTE (RLIN) | |
| Local note | WB |
| 600 ## - SUBJECT ADDED ENTRY--PERSONAL NAME | |
| Personal name | FLOOD DAMAGE |
| 650 ## - SUBJECT ADDED ENTRY--TOPICAL TERM | |
| Topical term or geographic name entry element | CLIMATE CHANGE |
| 650 ## - SUBJECT ADDED ENTRY--TOPICAL TERM | |
| Topical term or geographic name entry element | BRE |
| 650 ## - SUBJECT ADDED ENTRY--TOPICAL TERM | |
| Topical term or geographic name entry element | DETR |
| 650 ## - SUBJECT ADDED ENTRY--TOPICAL TERM | |
| Topical term or geographic name entry element | BUILDING REGULATIONS PART A |
| 650 ## - SUBJECT ADDED ENTRY--TOPICAL TERM | |
| Topical term or geographic name entry element | BUILT ENVIRONMENT |
| 650 ## - SUBJECT ADDED ENTRY--TOPICAL TERM | |
| Topical term or geographic name entry element | WEATHER CONDITIONS |
| 650 ## - SUBJECT ADDED ENTRY--TOPICAL TERM | |
| Topical term or geographic name entry element | STRUCTURAL STABILITY |
| 690 ## - LOCAL SUBJECT ADDED ENTRY--TOPICAL TERM (OCLC, RLIN) | |
| Topical term or geographic name as entry element | BUILT ENVIRONMENT |
| 942 ## - ADDED ENTRY ELEMENTS (KOHA) | |
| Suppress in OPAC | 0 |
| Withdrawn status | Lost status | Source of classification or shelving scheme | Damaged status | Not for loan | Home library | Current library | Shelving location | Date acquired | Total Checkouts | Full call number | Barcode | Date last seen | Copy number | Price effective from | Koha item type |
|---|---|---|---|---|---|---|---|---|---|---|---|---|---|---|---|
| Dewey Decimal Classification | London | London | News article | 15/11/2000 | WB3645-02 | 109355-1001 | 06/08/2019 | 1 | 06/08/2019 | News article |